| 000 | 01188cam a2200289 a 4500 | ||
|---|---|---|---|
| 003 | EG-GiCUC | ||
| 005 | 20250223032213.0 | ||
| 008 | 190213s1997 ua o f m 000 0 eng d | ||
| 040 |
_aEG-GiCUC _beng _cEG-GiCUC |
||
| 041 | 0 | _aeng | |
| 049 | _aDeposite | ||
| 097 | _aM.Sc | ||
| 099 | _aCai01.12.15.M.Sc.1997.Ga.H | ||
| 100 | 0 | _aGamal Mohammad Abdelmageed | |
| 245 | 1 | 0 |
_aHydrogeological and hydrogechemical studies of the nilf valley area, beni Suef governorate, Egypt / _cGamal Mohammad Abdelmageed ; Supervised F. Elkiki , A. M. Abdallah , E. A. Korany |
| 246 | 1 | 5 | _aدراسات هيدروجيولوجية و هيدروجيوكيميائية لمنطقة وادى النيل - محافظة بنى سويف - مصر |
| 260 |
_aCairo : _bGamal Mohammad Abdelmageed , _c1997 |
||
| 300 |
_a228 Leaves : _bphotographs ; _c30cm |
||
| 502 | _aThesis (M.Sc.) - Cairo University - Faculty of Science - Department of Geology | ||
| 700 | 0 |
_aA. M. Abdallah , _eSupervisor |
|
| 700 | 0 |
_aE. A. Korany , _eSupervisor |
|
| 700 | 0 |
_aF. Elkiki , _eSupervisor |
|
| 856 | _uhttp://172.23.153.220/th.pdf | ||
| 905 |
_aNazla _eRevisor |
||
| 905 |
_aSamia _eCataloger |
||
| 942 |
_2ddc _cTH |
||
| 999 |
_c70384 _d70384 |
||